| 000 | 01138cam a22003375a 4500 | ||
|---|---|---|---|
| 001 | 13398460 | ||
| 005 | 20260225135010.0 | ||
| 008 | 031107s1994 nyub 001 0 eng d | ||
| 010 | _a 2003282123 | ||
| 020 | _a0904766667 (pbk.) | ||
| 020 | _a0760748292 | ||
| 020 | _a9780904766929 | ||
| 035 | _a(CStRLIN)PATG95-B40312 | ||
| 040 |
_aUk _cUk _dDLC _dPPT _dDLC |
||
| 043 | _aa-ii--- | ||
| 050 | 0 | 4 |
_aBQ264 _b.S68 1994 |
| 082 | 0 | 4 |
_223 _a294.309 Sk _b1414 S-AH |
| 100 | 1 |
_aSkilton, Andrew. _925163 |
|
| 245 | 1 | 2 |
_aA concise history of Buddhism / _cAndrew Skilton (Dharmacari Sthiramati). |
| 260 |
_aNew York : _bBarnes & Noble, _cc1994, 2000 _aCambridge : _bWindhorse Publication, _c2016 |
||
| 300 |
_a263 p. : _bill., maps ; _c24 cm. |
||
| 500 | _aS-AH: Professor Andrew Huxley | ||
| 500 | _aErrata slip inserted. | ||
| 504 | _aIncludes bibliographical references (p. [213]-246) and index. | ||
| 650 | 0 |
_aBuddhism _xHistory. |
|
| 650 | 0 |
_aBuddhism _xDoctrines. |
|
| 650 | 0 |
_aBuddhism _zIndia _xHistory. |
|
| 906 |
_a7 _bcbc _ccopycat _d2 _encip _f20 _gy-gencatlg |
||
| 942 |
_2ddc _cBK1 |
||
| 999 |
_c47756 _d47756 |
||